Mr Beast Foods - Statistics

General Stats
  • This quiz has been taken 120 times
    38 since last reset
  • The average score is 8 of 34
Answer Stats
What Kind Food % Correct
Chocolate Bar Milk Chocolate
65%
Chocolate Bar Deez Nutz
50%
Chocolate Bar Original
50%
Grilled Cheese Karl's Grilled Cheese
45%
Sandwiches Karl's Grilled Cheese
45%
Burger Beast Style
35%
Chocolate Bar Milk Crunch
35%
Burger Chandler Style
30%
Burger Chris Style
30%
Cookies Chocolate Chip
25%
Chocolate Bar Chocolate Sea Salt
25%
Sides Crinkle Fries
25%
Canned Bevarages Diet Pepsi
25%
Canned Bevarages Pepsi
25%
Chocolate Bar Quinoa Crunch
25%
Gummy Bears Sour Blue Raspberry
25%
Impossible Burger Impossible Beast Style
20%
Impossible Burger Impossible Chandler Style
20%
Impossible Burger Impossible Chris Style
20%
Gummy Bears Sour Green Apple
20%
Canned Bevarages Starry
20%
Canned Bevarages Aquafina Water
15%
Desert Chocolate Chip Cookies
15%
Sides Signature Crinkle Fries
15%
Small Meal The Pizza
15%
Small Meal Turkey Stack'ems
15%
Combos Beast Style Burger Combo
10%
Sides Beast Style Fries
10%
Combos Chicken Sandwich Combo
10%
Sandwiches Crispy Chicken Tender Sandwich
10%
Small Meal Fiesta Nachos
10%
Impossible Burger Impossible Karl's Grilled Cheese
10%
Sandwiches Nashville Hot Chicken Tender Sandwich
10%
Cookies Peanut Butter Chocolate Chip
10%
No matching quizzes found
Score Distribution
Percent of People with Each Score
Percentile by Number Answered
Your Score History
You have not taken this quiz since the last reset